[Event "SVK ECo-C Extraliga 2021-22"]
[Site "Slovakia"]
[Date "2022.06.11"]
[Round "10.6"]
[White "Nguyen, Piotr"]
[Black "Varga, Zoltan"]
[Result "*"]
[WhiteElo "2407"]
[BlackElo "2390"]
[Annotator "TA"]
[PlyCount "36"]
[EventDate "2021.10.21"]
[EventType "team-tourn"]
[EventCountry "SVK"]
[SourceTitle "playchess.com"]
[Source "ChessBase"]
[SourceQuality "1"]
[TimeControl "40/5400+30:1800+30"]

{[%evp 9,36,0,0,0,0,0,0,-4,-7,-10,4,0,0,0,0,-47,-16,-13,-7,-15,0,0,0,-5,-2,-11,0,-24,-23]} 1. f4 {[%emt 0:00:03] ChessBase II} d5 {[%emt 0:00:24]} 2. Nf3 {[%emt 0:00:07]} g6 {[%emt 0:00:37]} 3. g3 {[%emt 0:00:05]} Nh6 {[%emt 0:00:13]} 4. d3 {[%emt 0:06:44]} c5 {[%emt 0:07:48]} 5. Bg2 {[%emt 0:02:14]} Bg7 {[%emt 0:01:14]} 6. O-O {[%emt 0:09:47] A03: Bird's Opening with 1...d5.} d4 {[%emt 0:00:17]} 7. e4 {[%emt 0:03:24]} dxe3 {[%emt 0:00:21]} 8. Na3 {[%emt 0:00:12] The position is equal.} Nc6 {[%emt 0:01:38]} 9. Nc4 {[%emt 0:02:16]} Nf5 {[%emt 0:00:10]} 10. c3 {[%emt 0:11:30]} O-O {[%emt 0:07:20]} 11. g4 {[%emt 0:03:41]} Nd6 {[%emt 0:10:40][%cal Bf5d6,Bd6e8,Be8c7][%mdl 32] aiming for ...Nxc4.} 12. Nce5 {[%emt 0:00:38] [#]} (12. Nxe3 $11 {feels stronger.} Bd7 13. Nd2) 12... Nxe5 $146 {[%emt 0:08:54]} (12... Na5 $5 {[%cal Rf7f6]} 13. b4 (13. Bxe3 f6 $11) 13... cxb4 14. cxb4 Nc6 15. Bxe3 Nxb4 $17) ({Predecessor:} 12... Na5 13. Bxe3 f6 14. b4 fxe5 15. fxe5 cxb4 16. cxb4 Nc6 17. exd6 Qxd6 18. Bc5 Qd5 {0-1 (38) Kuckelkorn,J-Negele,M GER corr 1993 Corr Nr. 1 [ChessBase II]}) 13. fxe5 {[%emt 0:00:56]} Ne8 {[%emt 0:00:04]} 14. h3 {[%emt 0:04:44]} Nc7 {[%emt 0:04:09]} 15. Bxe3 {[%emt 0:01:58]} b6 {[%emt 0:03:42]} 16. Qe2 {[%emt 0:15:31]} Bb7 {[%emt 0:08:04]} 17. Rad1 {[%emt 0:00:24]} Qe8 {[%emt 0:03:10]} 18. a3 {[%emt 0:07:47]} Rd8 {[%emt 0:01:12] An even fight not without its subleties.  Weighted Error Value: White=0.06 (flawless) /Black=0.05 (flawless)} *

[Event "SVK ECo-C Extraliga 2021-22"]
[Site "Slovakia"]
[Date "2022.06.11"]
[Round "10.6"]
[White "Halak, Miklos"]
[Black "Zpevak, Pavel"]
[Result "1/2-1/2"]
[WhiteElo "2251"]
[BlackElo "2373"]
[Annotator "TA"]
[PlyCount "29"]
[EventDate "2021.10.21"]
[EventType "team-tourn"]
[EventCountry "SVK"]
[SourceTitle "playchess.com"]
[Source "ChessBase"]
[SourceQuality "1"]
[TimeControl "40/5400+30:1800+30"]

{[%evp 17,18,0,4]} 1. e4 {[%emt 0:00:53]} c5 {[%emt 0:00:43]} 2. Nf3 {[%emt 0:04:08]} e6 {[%emt 0:00:10]} 3. c3 {[%emt 0:00:29]} Nf6 {[%emt 0:00:26]} 4. e5 {[%emt 0:00:37]} Nd5 {[%emt 0:00:08]} 5. d4 {[%emt 0:00:08]} cxd4 {[%emt 0:00:07]} 6. cxd4 {[%emt 0:00:12]} d6 {[%emt 0:00:10]} 7. Nc3 {[%emt 0:03:16]} Nxc3 {[%emt 0:00:56]} 8. bxc3 {[%emt 0:00:07]} Qc7 {[%emt 0:00:22]} 9. Bd2 {[%emt 0:01:18]} Nd7 {[%emt 0:00:29] [#]} {Predecessor:} 10. exd6 $146 {B22: Sicilian: 2 c3.} Bxd6 11. Bd3 b6 12. Ng5 Bb7 13. Ne4 Bf4 14. Bxf4 Qxf4 15. Qd2 {½-½ (15) Nakamura,H (2736)-Artemiev,V (2716) Chess.com INT 2020} 1/2-1/2

[Event "SVK ECo-C Extraliga 2021-22"]
[Site "Slovakia"]
[Date "2022.06.11"]
[Round "10.7"]
[White "Czebe, Attila"]
[Black "Jacko, Vladimir"]
[Result "1/2-1/2"]
[WhiteElo "2366"]
[BlackElo "2389"]
[Annotator "TA"]
[PlyCount "15"]
[EventDate "2021.10.21"]
[EventType "team-tourn"]
[EventCountry "SVK"]
[SourceTitle "playchess.com"]
[Source "ChessBase"]
[SourceQuality "1"]
[TimeControl "40/5400+30:1800+30"]

{[%evp 9,15,24,35,14,29,25,38,-1280]} 1. e4 {[%emt 0:01:06]} c5 {[%emt 0:00:06]} 2. Nc3 {[%emt 0:00:56]} e6 {[%emt 0:00:44]} 3. Nge2 {[%emt 0:05:17]} a6 {[%emt 0:02:58]} 4. d4 {[%emt 0:01:28]} cxd4 {[%emt 0:00:07]} 5. Nxd4 {[%emt 0:00:34]} Qc7 {[%emt 0:00:43]} 6. Qd3 {[%emt 0:05:15] B43: Sicilian: Kan Variation: 5 Nc3.} Nf6 {[%emt 0:01:55]} 7. Qg3 {[%emt 0:01:41]} Qxg3 {[%emt 0:02:56] [#]} 8. Nb1 $146 {[%mdl 40960] Weighted Error Value: White=0.08 (flawless) /Black=0.08 (flawless) . An unexpected result.} ({But not} 8. fxg3 Bb4 $11) (8. hxg3 $14 Bb4 9. e5) ({Predecessor:} 8. hxg3 d6 9. f3 Nc6 10. Nxc6 bxc6 11. g4 d5 12. g5 Nd7 13. Bd2 Bb4 14. O-O-O {0-1 (58) Hammer,J (2628)-Neiksans,A (2627) Chess.com INT 2017}) 1/2-1/2

[Event "SVK ECo-C Extraliga 2021-22"]
[Site "Slovakia"]
[Date "2022.06.11"]
[Round "10.7"]
[White "Kopera, Michal"]
[Black "Borosova, Zuzana"]
[Result "1/2-1/2"]
[WhiteElo "2135"]
[BlackElo "2259"]
[Annotator "TA"]
[PlyCount "122"]
[EventDate "2021.10.21"]
[EventType "team-tourn"]
[EventCountry "SVK"]
[SourceTitle "playchess.com"]
[Source "ChessBase"]
[SourceQuality "1"]
[TimeControl "40/5400+30:1800+30"]

{[%evp 13,122,4,0,-6,7,-16,-8,-15,0,-8,3,-14,0,-12,0,-4,-1,-20,-17,-19,-21,-28,-22,-19,-2,-6,-2,-22,-7,-35,-13,-13,-10,-16,-15,-21,-22,-33,-25,-42,-29,-39,-26,-32,-33,-37,-17,-19,-19,-19,-17,-21,0,0,-3,-34,-18,-31,-10,-10,-6,-6,-10,-17,-3,-3,-4,-10,-6,-12,-6,-27,-10,-10,-4,-20,0,0,0,0,0,0,0,0,0,0,0,0,0,0,0,0,0,-6,0,0,0,0,0,0,0,0,0,0,0,0,0,-6,0,-6,0]} 1. e4 {[%emt 0:00:04]} e5 {[%emt 0:00:15]} 2. Nf3 {[%emt 0:00:06]} Nc6 {[%emt 0:00:06]} 3. Bc4 {[%emt 0:00:32]} Nf6 {[%emt 0:02:32]} 4. d3 {[%emt 0:00:23]} Be7 {[%emt 0:01:30]} 5. O-O {[%emt 0:03:40]} O-O {[%emt 0:00:14]} 6. Nc3 {[%emt 0:01:30]} d6 {[%emt 0:01:11]} 7. h3 {[%emt 0:06:21]} Na5 {[%emt 0:05:41]} 8. Re1 {[%emt 0:02:10] C55: Two Knights: 4 d3, 4 d4 exd4 5 e5 and Max Lange Attack.} h6 {[%emt 0:12:12] [#]} 9. Qe2 $146 {[%emt 0:13:06]} ({Predecessor:} 9. Bb3 Nxb3 10. axb3 c5 11. Ne2 Be6 12. c4 Nh7 13. Ng3 Ng5 14. Nh2 Qd7 15. Ng4 {½-½ (15) Medina Diaz,R (2317)-Hernandez Jimenez,A (2169) Mexico City 2021}) 9... Nxc4 {[%emt 0:11:08]} 10. dxc4 {[%emt 0:00:20]} c6 {[%emt 0:02:32]} 11. c5 {[%emt 0:09:00]} Nd7 {[%emt 0:18:28]} 12. cxd6 {[%emt 0:00:13]} Bxd6 {[%emt 0:00:06]} 13. Be3 {[%emt 0:01:32]} Qf6 {[%emt 0:01:07]} 14. Rad1 {[%emt 0:16:27]} Bc7 {[%emt 0:01:55]} 15. Rd2 {[%emt 0:15:17]} Re8 {[%emt 0:06:18]} 16. Red1 {[%emt 0:00:52]} Nf8 {[%emt 0:00:17]} 17. Ne1 {[%emt 0:08:20]} Ng6 {[%emt 0:03:13]} 18. Qf3 {[%emt 0:00:31]} Qxf3 {[%emt 0:02:24]} (18... Nf4 {looks sharper.} 19. a4 Be6 20. Qg3 Bc4) 19. Nxf3 {[%emt 0:00:09]} b6 {[%emt 0:00:17]} 20. Ne2 {[%emt 0:00:32]} Be6 {[%emt 0:02:52]} 21. Nc1 {[%emt 0:02:49]} Rad8 {[%emt 0:03:07]} 22. Rxd8 {[%emt 0:00:58]} Rxd8 {[%emt 0:00:04]} 23. Rxd8+ {[%emt 0:00:17]} Bxd8 {[%emt 0:00:01]} 24. Nd3 {[%emt 0:00:12]} f6 {[%emt 0:01:04]} 25. Nd2 {[%emt 0:00:41]} Kf7 {[%emt 0:04:04]} ({Don't do} 25... Bxa2 26. b3 $16 (26. Nb4 Be6 $16)) 26. Nb4 {[%emt 0:02:09]} Ne7 {[%emt 0:01:26]} 27. c4 {[%emt 0:01:26]} Ke8 {[%emt 0:10:04]} 28. b3 {[%emt 0:00:42]} Kd7 {[%emt 0:00:45]} 29. Nd3 {[%emt 0:00:19]} Bc7 {[%emt 0:03:22]} 30. f3 {[%emt 0:00:32]} g5 {[%emt 0:05:20]} 31. h4 {[%emt 0:00:46]} Ng6 {[%emt 0:01:09]} 32. hxg5 {[%emt 0:00:36]} fxg5 {[%emt 0:01:00]} 33. g4 {[%emt 0:00:56]} Nf4 {[%emt 0:00:40]} 34. Nxf4 {[%emt 0:00:26]} gxf4 $11 {[%emt 0:00:14][%mdl 4096] Endgame KBB-KBN} 35. Bf2 {[%emt 0:00:11]} Bd6 {[%emt 0:00:24]} 36. Kf1 {[%emt 0:00:37]} Be7 {[%emt 0:00:20]} 37. Ke2 {[%emt 0:00:26]} Bf7 {[%emt 0:00:05]} 38. Nb1 {[%emt 0:03:59]} h5 {[%emt 0:00:15]} 39. gxh5 {[%emt 0:00:10]} Bxh5 {[%emt 0:00:05]} 40. Be1 {[%emt 0:00:34]} Bc5 {[%emt 0:00:54]} 41. Bc3 {[%emt 0:30:20]} Ke6 {[%emt 0:31:10]} 42. Nd2 {[%emt 0:03:10]} a5 {[%emt 0:00:00]} 43. Nb1 {[%emt 0:00:00] The position is equal.} Kd6 {[%emt 0:00:00]} 44. Be1 {[%emt 0:00:00]} Bd4 {[%emt 0:00:00]} 45. Na3 {[%emt 0:00:00]} Be8 {[%emt 0:00:00]} 46. Nc2 {[%emt 0:00:00]} Bb2 {[%emt 0:00:00]} 47. Kd3 {[%emt 0:00:00]} Bf7 {[%emt 0:00:14]} 48. a4 {[%emt 0:00:00]} Bh5 {[%emt 0:00:38]} 49. Ke2 {[%emt 0:00:00]} Be8 {[%emt 0:00:18]} 50. Kd3 {[%emt 0:00:00]} Bd7 {[%emt 0:02:51]} 51. Ke2 {[%emt 0:00:00]} Be6 {[%emt 0:01:18]} 52. Kd3 {[%emt 0:00:00]} Bf7 {[%emt 0:00:14]} 53. Ke2 {[%emt 0:00:00]} Bh5 {[%emt 0:01:01]} 54. Bd2 {[%emt 0:00:00]} Kc5 {[%emt 0:00:30]} 55. Ne1 {[%emt 0:00:27] [#] Strongly threatening Nd3+.} Bd4 {[%emt 0:00:27]} 56. Nd3+ {[%emt 0:00:39]} Kd6 {[%emt 0:00:02]} 57. Be1 {[%emt 0:01:21]} Bf7 {[%emt 0:00:13]} 58. Kd1 {[%emt 0:02:48]} Bh5 {[%emt 0:00:32]} 59. Ke2 {[%emt 0:00:03]} Bf7 {[%emt 0:00:08]} 60. Kd1 {[%emt 0:00:04]} Bh5 {[%emt 0:00:49]} 61. Ke2 {[%emt 0:00:13]} Bf7 {[%emt 0:00:15] Weighted Error Value: White=0.05 (flawless) /Black=0.06 (flawless)} 1/2-1/2

[Event "SVK ECo-C Extraliga 2021-22"]
[Site "Slovakia"]
[Date "2022.06.11"]
[Round "10.7"]
[White "Bombek, Peter"]
[Black "Teglas, Balazs"]
[Result "1-0"]
[WhiteElo "2090"]
[BlackElo "2173"]
[Annotator "TA"]
[PlyCount "81"]
[EventDate "2021.10.21"]
[EventType "team-tourn"]
[EventCountry "SVK"]
[SourceTitle "playchess.com"]
[Source "ChessBase"]
[SourceQuality "1"]

1. Nf3 Nf6 2. d4 c5 3. e3 g6 4. b3 Bg7 5. Bb2 O-O 6. Bd3 b6 7. O-O Bb7 8. c4 cxd4 9. exd4 d5 10. Nbd2 Ne4 11. cxd5 Nxd2 12. Qxd2 Bxd5 13. Qe3 Nc6 14. Be4 Qd6 15. Rfd1 Rfd8 16. h3 e6 17. Rac1 Ne7 18. Nd2 Nf5 19. Bxf5 exf5 20. Nc4 Qd7 21. Qf4 Rac8 22. Ne5 Qb7 23. Qg3 f4 24. Qxf4 Bxg2 25. Qxf7+ Qxf7 26. Nxf7 Kxf7 27. Kxg2 Bh6 28. Rc3 Rxc3 29. Bxc3 Rc8 30. Rd3 Ke6 31. d5+ Kd7 32. Be5 Re8 33. Bg3 Re2 34. Rc3 Rxa2 35. Rc7+ Kd8 36. Rxh7 Bc1 37. d6 g5 38. h4 a5 39. h5 b5 40. Rb7 a4 41. bxa4 1-0

[Event "SVK ECo-C Extraliga 2021-22"]
[Site "Slovakia"]
[Date "2022.06.11"]
[Round "10.8"]
[White "Danada, Tomas"]
[Black "Csonka, Attila Istvan"]
[Result "1/2-1/2"]
[WhiteElo "2306"]
[BlackElo "2320"]
[Annotator "TA"]
[PlyCount "191"]
[EventDate "2021.10.21"]
[EventType "team-tourn"]
[EventCountry "SVK"]
[SourceTitle "playchess.com"]
[Source "ChessBase"]
[SourceQuality "1"]

1. e4 c6 2. Nf3 d5 3. d3 dxe4 4. dxe4 Qxd1+ 5. Kxd1 Bg4 6. Be2 Nd7 7. Nfd2 Bxe2+ 8. Kxe2 e5 9. a4 Ngf6 10. f3 Bc5 11. a5 O-O-O 12. Nc4 Ne8 13. Rd1 f6 14. c3 Nf8 15. Rxd8+ Kxd8 16. b4 Bd6 17. a6 b5 18. Nxd6 Nxd6 19. Be3 Nc8 20. Na3 Ne6 21. c4 bxc4 22. Nxc4 Kc7 23. Rc1 Nf4+ 24. Bxf4 exf4 25. Na5 Ne7 26. Nxc6 Nxc6 27. b5 Kb6 28. Rxc6+ Kxb5 29. Rc7 Rg8 30. Rxa7 Kb6 31. Rb7+ Kxa6 32. Rb2 Rd8 33. g3 fxg3 34. hxg3 Rd7 35. Ke3 Rb7 36. Ra2+ Kb6 37. Rh2 Kc6 38. Rxh7 Kd6 39. Rh5 Ke6 40. Ra5 Kf7 41. Ra3 Rc7 42. f4 Rb7 43. f5 g6 44. g4 gxf5 45. gxf5 Rd7 46. Kf4 Rd1 47. Ra7+ Kf8 48. Kf3 Re1 49. Ra4 Kf7 50. Kf2 Rb1 51. Ra7+ Kf8 52. Ke2 Rb3 53. Rd7 Ra3 54. Rd3 Ra4 55. Kf3 Rb4 56. Ra3 Kf7 57. Ra7+ Kf8 58. Ra1 Kf7 59. Rh1 Kg7 60. Rd1 Kf7 61. Rd7+ Kf8 62. Rc7 Ra4 63. Rb7 Rc4 64. Kg4 Rc1 65. Kf4 Rd1 66. Rb3 Kf7 67. Ke3 Ra1 68. Kd4 Ra4+ 69. Kd3 Ra1 70. Rc3 Rd1+ 71. Kc4 Rd7 72. Rd3 Rc7+ 73. Kd4 Rd7+ 74. Ke3 Ra7 75. Rb3 Ra1 76. Kd4 Ra4+ 77. Kd3 Ra1 78. Rc3 Rd1+ 79. Kc4 Rd7 80. Rd3 Rc7+ 81. Kd4 Rd7+ 82. Ke3 Ra7 83. Kf4 Ra1 84. Rh3 Kg7 85. Re3 Kf7 86. Rb3 Rf1+ 87. Rf3 Ra1 88. Kg4 Re1 89. Kf4 Ra1 90. Rc3 Rf1+ 91. Ke3 Rd1 92. Ke2 Rd4 93. Re3 Ra4 94. Kf3 Ra1 95. Rb3 Rf1+ 96. Ke2 1/2-1/2

[Event "SVK ECo-C Extraliga 2021-22"]
[Site "Slovakia"]
[Date "2022.06.11"]
[Round "10.8"]
[White "Szucs, Vladimir"]
[Black "Stauder, Matej"]
[Result "0-1"]
[WhiteElo "2117"]
[BlackElo "2102"]
[Annotator "TA"]
[PlyCount "124"]
[EventDate "2021.10.21"]
[EventType "team-tourn"]
[EventCountry "SVK"]
[SourceTitle "playchess.com"]
[Source "ChessBase"]
[SourceQuality "1"]

1. Nf3 Nf6 2. d4 e6 3. c4 d5 4. Nc3 Be7 5. cxd5 exd5 6. Bg5 O-O 7. Qc2 c6 8. e3 Re8 9. Bd3 Nbd7 10. O-O Nf8 11. Rab1 a5 12. a3 Be6 13. b4 axb4 14. axb4 Rc8 15. Rfc1 h6 16. Bh4 N6d7 17. Bg3 b5 18. Ne2 Nb6 19. Nf4 Nc4 20. Nxe6 Nxe6 21. Qc3 Ng5 22. Ne5 Bf6 23. Ng4 Ne4 24. Bxe4 dxe4 25. Ra1 h5 26. Nxf6+ Qxf6 27. h3 h4 28. Bh2 Ra8 29. Bf4 Qe7 30. Rd1 g5 31. Bh2 Qe6 32. Qc2 Qd5 33. Qe2 Kg7 34. Bc7 Kg6 35. Rdc1 Rec8 36. Bh2 Qe6 37. Qc2 Kh6 38. Qe2 Qe7 39. Rab1 Ra4 40. Qg4 Rf8 41. Qf5 Rd8 42. Be5 Qe6 43. Qxe6+ fxe6 44. Bc7 Rf8 45. Rc3 Ra2 46. Rf1 Re2 47. f4 exf3 48. Rxf3 Rxf3 49. gxf3 Rxe3 50. Rxe3 Nxe3 51. Bd6 Kg6 52. Kf2 Nd5 53. Kg2 Kf5 54. Kg1 Nf4 55. Kh2 Nd3 56. Kg2 e5 57. dxe5 Nxe5 58. Kf2 Ke6 59. Bf8 Ng6 60. Bh6 Nf4 61. Kg1 Kf6 62. Kh2 Ne6 0-1

[Event "SVK ECo-C Extraliga 2021-22"]
[Site "Slovakia"]
[Date "2022.06.11"]
[Round "10.8"]
[White "Berta, Sandor"]
[Black "Rucek, Kristian"]
[Result "1-0"]
[WhiteElo "2054"]
[BlackElo "2109"]
[Annotator "TA"]
[PlyCount "69"]
[EventDate "2021.10.21"]
[EventType "team-tourn"]
[EventCountry "SVK"]
[SourceTitle "playchess.com"]
[Source "ChessBase"]
[SourceQuality "1"]

1. g3 d5 2. Bg2 e5 3. d3 Nf6 4. Nf3 Bd6 5. c4 c6 6. O-O O-O 7. cxd5 cxd5 8. Nc3 h6 9. d4 e4 10. Ne5 Be6 11. f3 exf3 12. exf3 Nc6 13. Nxc6 bxc6 14. Be3 Qe7 15. Rc1 c5 16. Nb5 c4 17. Nxd6 Qxd6 18. Qd2 Qa6 19. Rc3 Rab8 20. b3 Rfc8 21. Bf4 Rb5 22. Rf2 Qb7 23. Bf1 Rb6 24. Be5 Nd7 25. bxc4 dxc4 26. Qc2 Rbc6 27. f4 Nb6 28. f5 Bd5 29. f6 g6 30. Qc1 Kh7 31. g4 Rg8 32. Rh3 g5 33. Rxh6+ Kxh6 34. Qc3 Bf3 35. Qxf3 1-0

[Event "SVK ECo-C Extraliga 2021-22"]
[Site "Slovakia"]
[Date "2022.06.12"]
[Round "11"]
[White "Balogh, Csaba"]
[Black "Neugebauer, Martin"]
[Result "1/2-1/2"]
[WhiteElo "2586"]
[BlackElo "2505"]
[Annotator "TA"]
[PlyCount "64"]
[EventDate "2021.10.21"]
[EventType "team-tourn"]
[EventCountry "SVK"]
[SourceTitle "playchess.com"]
[Source "ChessBase"]
[SourceQuality "1"]

1. e4 c5 2. Nf3 d6 3. d4 cxd4 4. Nxd4 Nf6 5. Nc3 a6 6. g3 e5 7. Nde2 Be7 8. Bg2 b5 9. Nd5 Nxd5 10. Qxd5 Ra7 11. Be3 Rb7 12. O-O Nd7 13. Qd3 h6 14. b3 O-O 15. a4 Nc5 16. Bxc5 dxc5 17. Qxd8 Rxd8 18. axb5 axb5 19. Nc3 c4 20. Nd5 Be6 21. Rfd1 Kf8 22. bxc4 bxc4 23. Bf1 Rb2 24. Bxc4 Rxc2 25. Bd3 Rb2 26. Nxe7 Kxe7 27. Bf1 Rdd2 28. Rxd2 Rxd2 29. Kg2 g5 30. Kf3 Rb2 31. Bd3 Rb3 32. Ke2 Rb2+ 1/2-1/2

[Event "SVK ECo-C Extraliga 2021-22"]
[Site "Slovakia"]
[Date "2022.06.12"]
[Round "11"]
[White "Babula, Vlastimil"]
[Black "Vykouk, Jan"]
[Result "1/2-1/2"]
[WhiteElo "2576"]
[BlackElo "2464"]
[Annotator "TA"]
[PlyCount "167"]
[EventDate "2021.10.21"]
[EventType "team-tourn"]
[EventCountry "SVK"]
[SourceTitle "playchess.com"]
[Source "ChessBase"]
[SourceQuality "1"]

1. d4 Nf6 2. c4 g6 3. Nc3 Bg7 4. e4 d6 5. h3 O-O 6. Be3 a6 7. Nf3 e5 8. dxe5 dxe5 9. Qxd8 Rxd8 10. Nd5 Nxd5 11. cxd5 c6 12. Bc4 b5 13. Bb3 Bb7 14. Rc1 cxd5 15. Rc7 Rd7 16. Rxb7 Rxb7 17. Bxd5 Raa7 18. Ke2 Bf6 19. Rc1 Kg7 20. Bxb7 Rxb7 21. Nd2 Bd8 22. Nb3 Bb6 23. Bxb6 Rxb6 24. Rc7 Nc6 25. Ke3 a5 26. Nc5 Nb4 27. Nd7 Rc6 28. Rb7 Nxa2 29. Nxe5 Rc2 30. Rxb5 Nb4 31. Rxa5 f5 32. exf5 gxf5 33. b3 Rb2 34. Nc4 Rxb3+ 35. Kf4 Nd3+ 36. Kxf5 Nxf2 37. Ra7+ Kg8 38. Ra8+ Kg7 39. Ra7+ Kg8 40. Ne5 Nxh3 41. Nd7 Nf2 42. Nf6+ Kf8 43. Nxh7+ Ke8 44. Nf6+ Kd8 45. Rd7+ Kc8 46. Rd2 Nd3 47. Nd5 Ne1 48. g4 Nf3 49. Rf2 Kd7 50. Kf4 Nd4 51. Rd2 Nf3 52. Rf2 Nd4 53. Ke4 Ne6 54. Ke5 Ng5 55. Rf5 Nf3+ 56. Kf6 Nd4 57. Rf4 Ne6 58. Rf1 Nc5 59. Ke5 Rg3 60. Rf7+ Kc6 61. Rc7+ Kb5 62. Nf6 Re3+ 63. Kf5 Rf3+ 64. Kg6 Ne6 65. Rc1 Nf4+ 66. Kg7 Ne6+ 67. Kf7 Ng5+ 68. Kg6 Nh3 69. Ne4 Rf4 70. Nc3+ Ka6 71. Kh5 Rc4 72. Ra1+ Kb7 73. Ne2 Rc5+ 74. Kh4 Ng5 75. Nd4 Kc8 76. Ra7 Ne4 77. Rf7 Rc1 78. Kh5 Rh1+ 79. Kg6 Rg1 80. Rf4 Nf2 81. g5 Rxg5+ 82. Kxg5 Nh3+ 83. Kf5 Nxf4 84. Kxf4 1/2-1/2

[Event "SVK ECo-C Extraliga 2021-22"]
[Site "Slovakia"]
[Date "2022.06.12"]
[Round "11"]
[White "Krejci, Jan"]
[Black "Ftacnik, Lubomir"]
[Result "1/2-1/2"]
[WhiteElo "2520"]
[BlackElo "2501"]
[Annotator "TA"]
[PlyCount "109"]
[EventDate "2021.10.21"]
[EventType "team-tourn"]
[EventCountry "SVK"]
[SourceTitle "playchess.com"]
[Source "ChessBase"]
[SourceQuality "1"]

1. d4 Nf6 2. c4 g6 3. Bg5 Bg7 4. Nc3 O-O 5. e4 d6 6. h3 Nbd7 7. Nge2 e5 8. d5 a5 9. g4 Nc5 10. Ng3 c6 11. Qd2 cxd5 12. cxd5 Bd7 13. f3 Qb6 14. h4 Na4 15. Nxa4 Bxa4 16. Be3 Qb4 17. b3 Qxd2+ 18. Kxd2 Bd7 19. Bd3 Rfc8 20. Rac1 Ne8 21. Rxc8 Rxc8 22. g5 Bf8 23. a4 Be7 24. Ne2 h6 25. gxh6 Kh7 26. Ng3 Nc7 27. h5 b5 28. hxg6+ fxg6 29. Rc1 bxa4 30. bxa4 Bd8 31. Bb5 Bxb5 32. axb5 Rb8 33. b6 Nb5 34. Rc6 Nd4 35. Bxd4 exd4 36. Rxd6 Bxb6 37. Kd3 a4 38. Ne2 a3 39. Nc1 Kxh6 40. Rc6 Kg5 41. Rc2 Kf4 42. Ke2 Rh8 43. Rc6 Rh2+ 44. Kd3 Ba5 45. Kxd4 a2 46. Nxa2 Rxa2 47. Rxg6 Rd2+ 48. Kc5 Kxf3 49. Re6 Bc3 50. d6 Kf4 51. Kc6 Be5 52. d7 Rc2+ 53. Kb5 Rd2 54. Kc6 Rc2+ 55. Kb5 1/2-1/2

[Event "SVK ECo-C Extraliga 2021-22"]
[Site "Slovakia"]
[Date "2022.06.12"]
[Round "11"]
[White "Vetoshko, Volodymyr"]
[Black "Saric, Ivan"]
[Result "1/2-1/2"]
[WhiteElo "2500"]
[BlackElo "2693"]
[Annotator "TA"]
[PlyCount "58"]
[EventDate "2021.10.21"]
[EventType "team-tourn"]
[EventCountry "SVK"]
[SourceTitle "playchess.com"]
[Source "ChessBase"]
[SourceQuality "1"]

1. e4 c5 2. Nf3 d6 3. d4 cxd4 4. Nxd4 Nf6 5. Nc3 Nc6 6. Be2 e5 7. Nb3 Be7 8. O-O O-O 9. Be3 a5 10. Nd2 Nd4 11. Bxd4 exd4 12. Nb5 a4 13. Nxd4 Qb6 14. Nc4 Qc5 15. Nf5 Bxf5 16. exf5 Qxf5 17. Ne3 Qe5 18. c3 d5 19. Qd4 Qxd4 20. cxd4 Ra5 21. Rac1 Bd6 22. g3 g6 23. Rc2 Ne4 24. Rb1 Rfa8 25. b4 axb3 26. Rxb3 Rxa2 27. Rxb7 Rxc2 28. Nxc2 Ra2 29. Bd3 Bf8 1/2-1/2

[Event "SVK ECo-C Extraliga 2021-22"]
[Site "Slovakia"]
[Date "2022.06.12"]
[Round "11"]
[White "Simacek, Pavel"]
[Black "Istona, Martin"]
[Result "1-0"]
[WhiteElo "2463"]
[BlackElo "2216"]
[Annotator "TA"]
[PlyCount "81"]
[EventDate "2021.10.21"]
[EventType "team-tourn"]
[EventCountry "SVK"]
[SourceTitle "playchess.com"]
[Source "ChessBase"]
[SourceQuality "1"]

1. d4 Nf6 2. c4 e6 3. Nc3 d5 4. Nf3 Bb4 5. Bg5 h6 6. Bxf6 Qxf6 7. Qa4+ Nc6 8. e3 O-O 9. Rc1 Rd8 10. Qc2 dxc4 11. Bxc4 e5 12. dxe5 Nxe5 13. Nxe5 Qxe5 14. Qb3 Bxc3+ 15. Rxc3 Qe7 16. O-O Rd6 17. e4 Rb6 18. Qc2 Be6 19. Bxe6 Qxe6 20. b3 c6 21. Rd1 Rb4 22. f3 a5 23. Rcd3 Qe5 24. Rd7 a4 25. bxa4 Raxa4 26. Rxb7 Rxb7 27. Qxa4 Qc5+ 28. Kh1 Ra7 29. Qb3 Ra3 30. Qb8+ Kh7 31. Qf4 Qc4 32. h4 Ra5 33. Rd7 Kg8 34. Qb8+ Kh7 35. Rd8 Qf1+ 36. Kh2 Qf2 37. Rh8+ Kg6 38. Qf4 Qxa2 39. Qg3+ Kf6 40. Re8 g6 41. Qd6+ 1-0

[Event "SVK ECo-C Extraliga 2021-22"]
[Site "Slovakia"]
[Date "2022.06.12"]
[Round "11"]
[White "Stohl, Igor"]
[Black "Chlpik, Martin"]
[Result "1/2-1/2"]
[WhiteElo "2452"]
[BlackElo "2252"]
[Annotator "TA"]
[PlyCount "36"]
[EventDate "2021.10.21"]
[EventType "team-tourn"]
[EventCountry "SVK"]
[SourceTitle "playchess.com"]
[Source "ChessBase"]
[SourceQuality "1"]

1. d4 Nf6 2. Nf3 c5 3. d5 e6 4. c4 exd5 5. cxd5 d6 6. Nc3 g6 7. Nd2 Nbd7 8. e4 Bg7 9. Nc4 Nb6 10. Ne3 O-O 11. Bd3 Re8 12. O-O a6 13. a4 c4 14. Bc2 Qc7 15. Bd2 Nbd7 16. Qe2 Ne5 17. h3 Nh5 18. Ng4 Bxg4 1/2-1/2

[Event "SVK ECo-C Extraliga 2021-22"]
[Site "Slovakia"]
[Date "2022.06.12"]
[Round "11"]
[White "Bures, Jaroslav"]
[Black "Mikrut, Dariusz"]
[Result "1-0"]
[WhiteElo "2422"]
[BlackElo "2361"]
[Annotator "TA"]
[PlyCount "85"]
[EventDate "2021.10.21"]
[EventType "team-tourn"]
[EventCountry "SVK"]
[SourceTitle "playchess.com"]
[Source "ChessBase"]
[SourceQuality "1"]

1. e4 c5 2. Ne2 Nf6 3. Nbc3 d6 4. g3 g6 5. Bg2 Nc6 6. d4 cxd4 7. Nxd4 Nxd4 8. Qxd4 Bg7 9. b3 O-O 10. Bb2 Qa5 11. Qd2 Be6 12. O-O-O Rac8 13. Kb1 Rc7 14. Nd5 Qxd2 15. Nxf6+ Bxf6 16. Rxd2 Bxb2 17. Kxb2 Kg7 18. c4 Rb8 19. f4 Rc5 20. Bf1 h6 21. h4 Rg8 22. Be2 g5 23. hxg5 hxg5 24. Bf3 b6 25. Rdh2 Kf8 26. Rh8 Rxh8 27. Rxh8+ Kg7 28. Ra8 Rc7 29. a4 Bd7 30. e5 dxe5 31. fxe5 f6 32. exf6+ exf6 33. Kc3 f5 34. Kd4 Kf6 35. Bd5 Bc8 36. b4 f4 37. gxf4 gxf4 38. c5 bxc5+ 39. bxc5 Kg5 40. c6 Kf6 41. Bf3 Be6 42. Kc5 Ke5 43. Re8 1-0

[Event "SVK ECo-C Extraliga 2021-22"]
[Site "Slovakia"]
[Date "2022.06.12"]
[Round "11"]
[White "Pacher, Milan"]
[Black "Nadzamova Viktoria"]
[Result "1-0"]
[WhiteElo "2394"]
[BlackElo "2113"]
[Annotator "TA"]
[PlyCount "79"]
[EventDate "2021.10.21"]
[EventType "team-tourn"]
[EventCountry "SVK"]
[SourceTitle "playchess.com"]
[Source "ChessBase"]
[SourceQuality "1"]

1. d4 Nf6 2. c4 e6 3. Nc3 Bb4 4. Qc2 O-O 5. e4 c5 6. dxc5 Nc6 7. Nf3 Qa5 8. Bd3 Bxc5 9. O-O Nb4 10. Qe2 d5 11. e5 Nxd3 12. Qxd3 dxc4 13. Qxc4 Nd5 14. Bd2 Qc7 15. Qh4 Be7 16. Qg3 Nxc3 17. Bxc3 Bd7 18. h4 Bc6 19. Nd4 Bd5 20. a3 Qd8 21. h5 Rc8 22. Rad1 Rc4 23. Rfe1 Bh4 24. Qh2 Bg5 25. Rd3 Qb6 26. Qg3 Bh6 27. Nf5 exf5 28. Rxd5 Rg4 29. Qd3 Qc6 30. Rd1 g6 31. hxg6 Qxg6 32. Qh3 Bg7 33. Rd7 f4 34. Rxb7 Qg5 35. e6 Rh4 36. exf7+ Rxf7 37. Rb8+ Bf8 38. Rxf8+ Rxf8 39. Qe6+ Rf7 40. Rd7 1-0